| 000 | 00535nam a2200145Ia 4500 | ||
|---|---|---|---|
| 008 | 100204s9999 xx 000 0 und d | ||
| 082 | _b23350 | ||
| 100 | _aसोनग्रा रतनलाल | ||
| 245 | _aआमची चळवळ आमची माणसं | ||
| 260 |
_b"आनंद प्रकाशन, औरंगाबाद" _c1998 |
||
| 300 | _a142 | ||
| 630 | _aआमची चळवळ आमची माणसं | ||
| 730 | _aआमची चळवळ आमची माणसं | ||
| 942 | _cBOOK | ||
| 999 |
_c468460 _d468457 |
||